Technology of Machine Shop (Record no. 763)

000 -LEADER
fixed length control field 00340nam a2200133 4500
008 - FIXED-LENGTH DATA ELEMENTS--GENERAL INFORMATION
fixed length control field 191217b ||||| |||| 00| 0 eng d
082 00 - DEWEY DECIMAL CLASSIFICATION NUMBER
Classification number 621.9
Item number T743
100 ## - MAIN ENTRY--PERSONAL NAME
9 (RLIN) 288
Personal name Town, H. C.
245 10 - TITLE STATEMENT
Title Technology of Machine Shop
260 ## - PUBLICATION, DISTRIBUTION, ETC. (IMPRINT)
Place of publication, distribution, etc London
Name of publisher, distributor, etc Longmans
Date of publication, distribution, etc 1951
300 ## - PHYSICAL DESCRIPTION
Extent x, 366 p.
650 #0 - SUBJECT ADDED ENTRY--TOPICAL TERM
Topical term or geographic name as entry element Machine Tools
942 ## - ADDED ENTRY ELEMENTS (KOHA)
Source of classification or shelving scheme
Item type Books
Holdings
Withdrawn status Lost status Source of classification or shelving scheme Damaged status Not for loan Permanent location Current location Date acquired Full call number Barcode Date last seen Koha item type
          IMU Kolkata IMU Kolkata 1952-10-10 621.9 T743 00235 2019-12-17 Books
          IMU Kolkata IMU Kolkata 1952-10-10 621.9 T743 00236 2019-12-17 Books
Designed and Maintained by IMU-KC Library, Kolkata Campus © Copyright All Rights Reserved

webs counters

Powered by Koha